Apolíneo y dionisíaco.
Saved in:
| Hovedforfatter: | |
|---|---|
| Andre forfattere: | , |
| Format: | Ukendt |
| Udgivet: |
Madrid, España:
Sexto Piso,
2020.
|
| Udgivelse: | Primera edición |
| Serier: | Ensayo Sexto Piso
|
| Fag: | |
| Tags: |
Tilføj Tag
Ingen Tags, Vær først til at tagge denne postø!
|
MARC
| LEADER | 00000 a2200000 4500 | ||
|---|---|---|---|
| 003 | CL-VaPUC | ||
| 005 | 20230330111418.0 | ||
| 008 | 230116t2020 ||||| |||| 00| 0 eng d | ||
| 999 | |c 439892 |d 439890 | ||
| 020 | |a 978-84-17517-71-7 | ||
| 040 | |c Pontificia Universidad Católica de Valparaíso | ||
| 082 | 7 | |a 190 COL 2020 |2 22 | |
| 100 | |a Colli, Giorgio |9 449362 |e autor | ||
| 245 | |a Apolíneo y dionisíaco. | ||
| 250 | |a Primera edición | ||
| 260 | |a Madrid, España: |b Sexto Piso, |c 2020. | ||
| 300 | |a 224 páginas. | ||
| 490 | |a Ensayo Sexto Piso | ||
| 583 | |k GC |c 20230116 | ||
| 600 | 0 | |a Nietzsche, Friedrich |q (Friedrich Wilhelm) |d 1844-1900 |x Filosofía |9 858277 | |
| 650 | 0 | |a Filosofía moderna |9 258121 |y Siglo 20 | |
| 700 | |a Colli, Enrico |e edición |9 879900 | ||
| 700 | |a Morey, Miguel |e traducción |9 879901 | ||
| 942 | |2 ddc |c BK | ||
| 952 | |0 0 |1 0 |2 ddc |4 0 |6 190_000000000000000_COL_2020 |7 0 |8 A |9 588632 |a BIBART |b BIBART |c GEN |d 2023-01-13 |e 135 |g 22000.00 |i 5656412 |o 190 COL 2020 |p 5656412 |r 2025-03-13 |t 1 |v 22000.00 |w 2023-01-13 |y BK |k ART | ||